000 00949nam a2200277Ia 4500
003 OSt
005 20220925224000.0
006 a|||||r|||| 00| 0
007 ta
008 220923b |||||||| |||| 00| 0 eng d
020 _a9781138917910
_c3829.91
037 _b1634, 09/02/2018, Dhanraj Book House
_cGeneral Book
040 _aRTL
_cRTL
_beng
041 _2eng
_aeng
082 _aX:51:(D6,9(B), Q7
100 _aHEINZE Aleksej
_9290668
245 0 _aDigital and social media marketing
_b A results-driven approach
260 _aLondon
_bRoutledge
_c2017
300 _axxv,319p
_ccm.
490 _aRoutledge Studies in Human Geography
500 _aBibliography :Chapterwise
700 _a FLETCHER Gordon
_9290669
700 _a RASHID Tahir
_9290670
942 _hX:51:(D6,9(B), Q7
_cGB
_2CC
999 _c580774
_d580774